| 000 | 00669nam a2200277Ia 4500 | ||
|---|---|---|---|
| 005 | 20260121124555.0 | ||
| 008 | 008 260114s9999 xx 000 0 eng d | ||
| 020 | _a9781503607835 | ||
| 037 | _aEBOOK | ||
| 040 | _aCRL | ||
| 040 | _beng | ||
| 040 | _cCRL | ||
| 041 | _2eng | ||
| 041 | _aeng | ||
| 084 | _qCRL | ||
| 100 |
_aBiebricher, Thomas _9978280 |
||
| 245 | 4 | _aThe Political Theory of Neoliberalism | |
| 260 | _bWalter de Gruyter | ||
| 260 | _bWalter de Gruyter | ||
| 260 | _c2019 | ||
| 650 |
_aPhilosophy _9978281 |
||
| 856 | _uhttp://www.degruyter.com/isbn/9781503607835 | ||
| 942 | _cEBOOK | ||
| 999 |
_c1555598 _d1555598 |
||